Name a Valid Hunger Games Tribute #3 - Statistics

General Stats
  • This quiz has been taken 24 times
  • The average score is 5 of 12
Answer Stats
Answer % Correct
Lamina | Thresh | Katniss | Peeta
93%
Sheaf | Marvel | Cato | Clove | Gloss
93%
Gloss | Cashmere | Wiress | Mags | Blight
87%
Maritte | Katniss | Brutus | Peeta
87%
Mizzen | Finnick | Marvel
67%
Coral | Tanner | Reaper | Jessup
33%
Loupe | Panache | Carat | Urchin | Buck | Hull | Chicory | Lou Lou
33%
Alpheus | Janus | Nona | Lect | Coil | Dio | Fisser/Hychel | Anion/Potena | Atread | Stamp | Blossom
20%
Marcus | Bobbin
13%
Facet | Velvereen | Circ | Teslee
7%
Mizzen | Coral
7%
Tanner | Buck | Stamp
7%
No matching quizzes found
Score Distribution
Percent of People with Each Score
Percentile by Number Answered
Your Score History
You have not taken this quiz